Fr. Conceicao Rodrigues College of Engineering

How to stop worrying and start living (Record no. 19021)

MARC details
000 -LEADER
fixed length control field 00341nam a2200157Ia 4500
082 ## - DEWEY DECIMAL CLASSIFICATION NUMBER
Classification number 339.46/DAL
Item number DAL
100 ## - MAIN ENTRY--PERSONAL NAME
Personal name Dale Carnegie
245 ## - TITLE STATEMENT
Title How to stop worrying and start living
260 ## - PUBLICATION, DISTRIBUTION, ETC.
Name of publisher, distributor, etc. Vermilion
Place of publication, distribution, etc. London
Date of publication, distribution, etc. 1984
366 ## - TRADE AVAILABILITY INFORMATION
Publishers's discount category 17.5
300 ## - PHYSICAL DESCRIPTION
Extent 302
546 ## - LANGUAGE NOTE
Language note ENGLISH
650 ## - SUBJECT ADDED ENTRY--TOPICAL TERM
Topical term or geographic name entry element Philosophy
942 ## - ADDED ENTRY ELEMENTS (KOHA)
Koha item type BOOK
Holdings
Withdrawn status Lost status Damaged status Not for loan Collection Home library Current library Date acquired Source of acquisition Cost, normal purchase price Inventory number Total Checkouts Full call number Barcode Date last seen Cost, replacement price Price effective from Koha item type
        CRC Fr. Agnel's C.Rodrigues College of Engineering Fr. Agnel's C.Rodrigues College of Engineering 17/03/2023 Educational books and periodicals 123.75 258 dt 27/04/2009   339.46/DAL DAL 19604 17/03/2023 150.00   BOOK